| 000 | 00846nam a22002177a 4500 | ||
|---|---|---|---|
| 008 | 240702b mp ||||| |||| 00| 0 mon d | ||
| 035 | _a16338 | ||
| 040 |
_aSU1322070 _bmon _cMN-UlNLM _dMN-UlNLM _erda |
||
| 041 | _amon | ||
| 042 | _a43314 | ||
| 084 |
_2NNA _a83.35 _bЧ-205 |
||
| 100 | _aЧандар К. | ||
| 245 | 0 | _aМянган эрийн сэтгэл булаасан бүсгүй | |
| 264 |
_aУБ _bАдмон ХХК _c2009 |
||
| 300 | _a147х. | ||
| 336 |
_2rdacontent _atext _btxt |
||
| 337 |
_2rdamedia _aunmediated _bn |
||
| 338 |
_2rdacarrier _avolume _bnc |
||
| 650 | _aГоо үзэсгэлэнтэй хэдий ч, ядуу гуйлгачин цыган бүсгүй Лачигийн хайр сэтгэл, эмгэнэлт хувь тавилангийн тухай өгүүлнэ. Хэрмэл ам... | ||
| 942 |
_2NNA _cBK |
||
| 999 |
_c1073615 _d1073672 |
||